000 00288nam a22001337a 4500
008 181012b xxu||||| |||| 00| 0 eng d
020 _a0122530608
041 _aeng
080 _22nd
_a610
100 _a4
101 _aSHM
245 _aMedical Virology
_cFenner,F.J
942 _2udc
_cBK
999 _c49502
_d49502